Communism in the 20th century - Statistics

General Stats
  • This quiz has been taken 59 times
    45 since last reset
  • The average score is 11 of 20
Answer Stats
Hint Answer % Correct
Month in which the Communist revolution in Russia was October
95%
Country where the Khmer Rouge took power Cambodia
92%
Leader of the Khmer Rouge Pol Pot
92%
Country that made up 6 republics until its collapse in 1992 Yugoslavia
82%
Leader of Communist China Mao Zedong
76%
Year Fidel Castro took power in Cuba 1959
71%
Last Soviet Union leader Mikhail Gorbachev
68%
Leader of that country Josip Broz Tito
63%
Country where Che Guevara was born Argentina
55%
North Korean leader who started the Korean War Kim-Il-sung
55%
Year when he died 1994
45%
Eastern Bloc country that was under communist rule for 42 years Czechoslovakia
39%
Effect that the USA tried to stop to try get and get less of the world communist and stop it spreading Domino
39%
Country where where Ho Chi Minh ruled North Vietnam
39%
"Communist" Chilean leader overthrown by a coup in 1973 Salvador Allende
37%
Soviet spies executed in 1953 for alleged ties to USSR in 1953 Ethel/Julius Rosenberg
32%
Romanian Dictator who served until a revolution in 1989 Nicolae Ceausescu
32%
Response to Soviet blockade in Berlin by the Allies in 1948 Berlin Airlift
24%
Leader in Between Stalin and Khrushchev as Prime Minister of the USSR Georgy Malenkov
24%
Premier and Minister of Foreign Affairs in Communist China sidekick to Mao Zedong Zhou Enlai
18%
No matching quizzes found
Score Distribution
Percent of People with Each Score
Percentile by Number Answered
Your Score History
You have not taken this quiz since the last reset